00550nam a2200205 i 4500001001100000003000500011005001700016008004100033020001500074040002500089082001600114100002500130245002300155264005500178300002400233336002100257337002500278338002300303650001800326C2-0085211PPAK20180727090404.0970429s1991 my |||| ||||| | may d a9836220658 aPPAKbengcPPAKerda04a899.2332230 aS.M. Zakir, eauthor10aDi bawah lembayung 1aKuala Lumpur : bDewan Bahasa dan Pustaka , c1991 a141 pages ; c18 cm 2rdacontentatext 2rdamediaaunmediated 2rdacarrieravolume10aMalay fiction